| 000 | 01151nam a22002657a 4500 | ||
|---|---|---|---|
| 001 | 14708 | ||
| 003 | CO-MdFUSB | ||
| 005 | 20180622072731.0 | ||
| 008 | 170303t2006 sp ||||| |||| 00| 0 spa d | ||
| 020 | _a84-8164-833-7 | ||
| 040 |
_aCO-MdFUSB _bspa _cCO-MdFUSB _dCO-MdFUSBC _erda |
||
| 041 | 0 | _aspa | |
| 082 | 0 | 4 | _aG 200.1 M3869i |
| 100 | 1 |
_aVelasco, Juan Martín _eautor |
|
| 245 | 0 |
_aIntroducción a la fenomenología de la religión _b _c / Juan Martín Velasco |
|
| 250 | _a7a. ed. corr. y aum. | ||
| 264 |
_aMadrid : _b Trotta, _c2006 |
||
| 300 |
_a628 Pág. _b: _c; |
||
| 336 |
_2rdacontent _atexto _btxt |
||
| 337 |
_2rdamedia _asin mediación _bn |
||
| 338 |
_2rdacarrier _avolumen _bnc |
||
| 505 | 0 | 0 | _a1. La fenomenología de la religión en el campo de la ciencia de las religiones 2. Hacia una compresión del hecho religioso. 3. Las configuraciones de los divino en la historia de las religiones 4. Fenomenología de la religión en el marco de los estudios sobre el hecho religioso. Su desarrollo en la segunda mitad del siglo XX. Situación actual. |
| 650 | 7 |
_9447 _aReligión _xBibliografía _xTeoría, métodos, etc. |
|
| 942 | _cBK | ||
| 999 |
_c43554 _d43554 |
||